000 00600nam a22002417a 4500
003 UA-OsUOA
001 45558
007 ta
008 20070427b un ||||| |||| 00| 0 ukr d
090 _a323(477.42)
_bХ97
942 _cBK
040 _aUA-OsUOA
_bukr
_cUA-OsUOA
_dUA-OsUOA
245 _aХто є хто на Житомирщині. Видатні земляки
300 _a190 с.
955 _a2
041 _aukr
080 _a323(477.42)
020 _a996-7953-33-5
260 _aК.
_c2003
250 _nВипуск 5
650 7 _a32 Політика
_2UDC
999 _c331654
_d331654